000 00781nam a2200289Ia 4500
005 20260324112402.0
008 008 260324s9999 xx 000 0 eng d
020 _a9781003383741
037 _aEBOOK
040 _aCRL
040 _beng
040 _cCRL
041 _2eng
041 _aeng
084 _qCRL
100 _aJonathan Passmore; Maximilian Brantl; Sandra J. Diller; Sam Isaacson
_91142476
245 4 _aThe Digital and AI Coaches' Handbook
245 4 _bThe Complete Guide to the Use of Online, AI, and Technology in Coaching
260 _bTaylor and Francis
260 _c2024
365 _a
365 _b220
856 _uhttp://www.taylorfrancis.com/books/9781003383741
942 _cEBOOK
999 _c1731665
_d1731665